[Event "New Delhi Skillcraft op 1st"]
[Site "New Delhi"]
[Date "2024.11.19"]
[Round "7"]
[White "Roy Chowdhury, Saptarshi"]
[Black "Mrityunjay, Kumar"]
[Result "1-0"]
[WhiteElo "2222"]
[BlackElo "1942"]
[PlyCount "51"]
[EventDate "2024.11.16"]
[EventType "swiss"]
[EventRounds "9"]
[EventCountry "IND"]
[SourceTitle "CB47_2024"]
[SourceDate "2024.11.20"]
[SourceVersion "1"]
[SourceVersionDate "2024.11.20"]
[SourceQuality "1"]

1. e4 e5 2. Nf3 Nc6 3. Bc4 Bc5 4. d3 Nf6 5. 0-0 a6 6. Bb3 d6 7. c3 Ba7 8. Nbd2 0-0 9. h3 Ne7 10. Re1 Ng6 11. Nf1 d5 12. exd5 Nxd5 13. Nxe5 Nxe5 14. Rxe5 c6 15. Bxd5 cxd5 16. Qf3 Be6 17. Bf4 Qf6 18. Ng3 g6 19. Nh5 Qh4 20. Bg3 Qd8 21. Nf6+ Kh8 22. Bh4 Qc8 23. Qf4 Kg7 24. Nh5+ Kg8 25. Qf6 gxh5 26. Rg5# 1-0

[Event "New Delhi Skillcraft op 1st"]
[Site "New Delhi"]
[Date "2024.11.18"]
[Round "6"]
[White "Kishan, Kumar"]
[Black "Roy Chowdhury, Saptarshi"]
[Result "1/2-1/2"]
[WhiteElo "1958"]
[BlackElo "2222"]
[PlyCount "36"]
[EventDate "2024.11.16"]
[EventType "swiss"]
[EventRounds "9"]
[EventCountry "IND"]
[SourceTitle "CB47_2024"]
[SourceDate "2024.11.20"]
[SourceVersion "1"]
[SourceVersionDate "2024.11.20"]
[SourceQuality "1"]

1. Nf3 Nf6 2. c4 d6 3. d4 Bf5 4. Nc3 c6 5. g3 Nbd7 6. Bg2 e5 7. Nh4 Bg6 8. Nxg6 hxg6 9. 0-0 Be7 10. e4 Qa5 11. d5 c5 12. a3 a6 13. Be3 Qc7 14. Qe2 Rb8 15. b4 0-0 16. Rfc1 b6 17. b5 a5 18. Rf1 Nh7 1/2-1/2

[Event "New Delhi Skillcraft op 1st"]
[Site "New Delhi"]
[Date "2024.11.17"]
[Round "3"]
[White "Roy Chowdhury, Saptarshi"]
[Black "Pazhnay, Kaushal Kohli"]
[Result "1-0"]
[WhiteElo "2222"]
[BlackElo "1686"]
[PlyCount "63"]
[EventDate "2024.11.16"]
[EventType "swiss"]
[EventRounds "9"]
[EventCountry "IND"]
[SourceTitle "CB47_2024"]
[SourceDate "2024.11.20"]
[SourceVersion "1"]
[SourceVersionDate "2024.11.20"]
[SourceQuality "1"]

1. e4 e5 2. Nf3 Nc6 3. Bc4 Bc5 4. d3 Nf6 5. 0-0 d6 6. c3 a6 7. Bb3 h6 8. Re1 0-0 9. h3 Re8 10. Nbd2 Be6 11. Bc2 d5 12. Nh2 dxe4 13. dxe4 Qe7 14. Qf3 Nh7 15. Ndf1 Rad8 16. Ne3 b5 17. Qg3 Kh8 18. Nf3 Qf6 19. Bb3 Ne7 20. Qxe5 Bxe3 21. Bxe3 Qg6 22. Bxe6 Nc6 23. Qxc7 Rxe6 24. Nd4 Rde8 25. Nxe6 Qxe6 26. a4 b4 27. Rad1 Ne5 28. Rd6 Qb3 29. Rd8 Qe6 30. Rxe8+ Qxe8 31. Rd1 Nc6 32. Rd6 1-0

[Event "Pune Rapid op 12th"]
[Site "Pune"]
[Date "2024.05.23"]
[Round "7"]
[White "Nagare, Akhilesh"]
[Black "Roy Chowdhury, Saptarshi"]
[Result "0-1"]
[WhiteElo "2024"]
[BlackElo "2340"]
[PlyCount "182"]
[EventDate "2024.05.23"]
[EventType "swiss (rapid)"]
[EventRounds "9"]
[EventCountry "IND"]
[SourceTitle "CBM 220 Extra"]
[Source "ChessBase"]
[SourceDate "2024.07.31"]
[SourceVersion "1"]
[SourceVersionDate "2024.07.31"]
[SourceQuality "1"]

1. e4 b6 2. d4 Bb7 3. Bd3 e6 4. Nf3 d6 5. 0-0 Nd7 6. a4 a6 7. c3 g6 8. Re1 Bg7 9. Bg5 Ne7 10. Nbd2 h6 11. Be3 0-0 12. Qb3 Nf6 13. h3 a5 14. Rad1 Nd7 15. Nf1 Rb8 16. Ng3 Bc6 17. Nh2 Nf6 18. Bc1 Qe8 19. Bc2 b5 20. axb5 Bxb5 21. Qa2 Ra8 22. c4 Bd7 23. e5 Nh7 24. Ng4 h5 25. Nh6+ Kh8 26. h4 d5 27. c5 a4 28. Qb1 Nf5 29. Nhxf5 exf5 30. Bf4 Qd8 31. Rd3 Be6 32. Qc1 Qxh4 33. Nxh5 Qxh5 34. Rh3 Qg4 35. f3 Qxh3 36. gxh3 Rfb8 37. Re3 Rb4 38. Rd3 Rab8 39. Bd2 Rxb2 40. Ra3 Bd7 41. Bc3 R2b7 42. Ra1 Ra7 43. f4 Nf8 44. Kf2 Ne6 45. Kf3 Bb5 46. Ra3 Kg8 47. Qa1 Rba8 48. Qa2 c6 49. Qa1 Ra6 50. h4 Bh6 51. Bd2 R6a7 52. Be3 Bg7 53. h5 Bc4 54. Qg1 Nf8 55. Bxf5 gxf5 56. h6 Ng6 57. hxg7 Rb7 58. Qc1 Rb3 59. Qa1 Rxa3 60. Qxa3 Kxg7 61. Bd2 Bb5 62. Bb4 Rh8 63. Kg3 Rh4 64. Bd2 Rg4+ 65. Kf2 Nxf4 66. Bxf4 Rxf4+ 67. Ke1 Rxd4 68. Qg3+ Rg4 69. Qf3 Kg6 70. Kd2 Bc4 71. Kc1 Bb5 72. Kb2 d4 73. Qh3 d3 74. Qh8 Kg5 75. Qh3 Kf4 76. Kc3 Kxe5 77. Qh8+ Kd5 78. Qf8 Rc4+ 79. Kd2 Rc2+ 80. Kd1 Rxc5 81. Qxf7+ Kd4 82. Qg7+ Kc4 83. Kd2 Kb3 84. Qf7+ Kb4 85. Qe7 a3 86. Qa7 Rc2+ 87. Kd1 c5 88. Qa8 a2 89. Qa7 f4 90. Ke1 f3 91. Kd1 Rb2 0-1

[Event "Pune Blitz op 13th"]
[Site "Pune"]
[Date "2024.05.22"]
[Round "6"]
[White "Roy Chowdhury, Saptarshi"]
[Black "Sharnarthi, Shlok"]
[Result "0-1"]
[WhiteElo "2297"]
[BlackElo "1894"]
[PlyCount "84"]
[EventDate "2024.05.22"]
[EventType "swiss (blitz)"]
[EventRounds "9"]
[EventCountry "IND"]
[SourceTitle "CBM 220 Extra"]
[Source "ChessBase"]
[SourceDate "2024.07.31"]
[SourceVersion "1"]
[SourceVersionDate "2024.07.31"]
[SourceQuality "1"]

1. e4 d5 2. exd5 c6 3. d4 cxd5 4. Bd3 Nc6 5. c3 Nf6 6. Ne2 Bg4 7. 0-0 e6 8. Qb3 Qd7 9. Bf4 Bd6 10. Bxd6 Qxd6 11. Ng3 0-0 12. h3 Bh5 13. Nxh5 Nxh5 14. Qc2 h6 15. Re1 Rac8 16. Qd1 Nf4 17. Bf1 e5 18. dxe5 Nxe5 19. Na3 Rce8 20. g3 Nfg6 21. Bg2 Qb6 22. Qd2 Rd8 23. Rad1 Rfe8 24. Re2 Nc4 25. Nxc4 dxc4 26. Rxe8+ Rxe8 27. Kh2 Ne5 28. Qe2 Re6 29. Bd5 Re7 30. f4 Ng6 31. Qg2 Rd7 32. Re1 Qd6 33. Bxc4 h5 34. Re4 h4 35. Rd4 Qc7 36. Rxd7 Qxd7 37. Bb3 hxg3+ 38. Qxg3 Qd2+ 39. Qg2 Qxf4+ 40. Kh1 Nh4 41. Qe2 Qg3 42. Qf1 Nf3 0-1

[Event "Pune op 10th"]
[Site "Pune"]
[Date "2024.05.18"]
[Round "2"]
[White "Roy Chowdhury, Saptarshi"]
[Black "Maniar, Hriday"]
[Result "1-0"]
[WhiteElo "2237"]
[BlackElo "1667"]
[PlyCount "77"]
[EventDate "2024.05.18"]
[EventType "swiss"]
[EventRounds "9"]
[EventCountry "IND"]
[SourceTitle "CBM 220 Extra"]
[Source "ChessBase"]
[SourceDate "2024.07.31"]
[SourceVersion "1"]
[SourceVersionDate "2024.07.31"]
[SourceQuality "1"]

1. e4 c6 2. d3 d5 3. Nd2 dxe4 4. dxe4 e5 5. Ngf3 Bg4 6. Bc4 Qe7 7. a4 Nd7 8. c3 Ngf6 9. 0-0 Rd8 10. Re1 Nb6 11. Bb3 a5 12. Qc2 h6 13. h3 Bc8 14. Nf1 Qc7 15. Ng3 g6 16. Be3 c5 17. Qc1 Bg7 18. Ba2 Nbd7 19. Bc4 b6 20. Nh4 Kf8 21. Qc2 Nb8 22. Rad1 Nc6 23. Qb3 Ne8 24. Rxd8 Nxd8 25. Rd1 Nd6 26. Bd5 Ne6 27. Nxg6+ fxg6 28. Bxe6 Ke7 29. Bd5 Rf8 30. Qa3 Rd8 31. b3 Bb7 32. Qc1 Nf7 33. c4 Bc8 34. h4 Qd6 35. Rd2 Qf6 36. Bxf7 Rxd2 37. Qxd2 Kxf7 38. Bxh6 Ke7 39. Bg5 1-0

[Event "Bhubaneswar SOA op 1st"]
[Site "Bhubaneswar"]
[Date "2024.02.01"]
[Round "6"]
[White "Panda, Sambit"]
[Black "Roy Chowdhury, Saptarshi"]
[Result "1-0"]
[WhiteElo "2404"]
[BlackElo "2233"]
[PlyCount "41"]
[EventDate "2024.01.28"]
[EventType "swiss"]
[EventRounds "10"]
[EventCountry "IND"]
[SourceTitle "CBM 218 Extra"]
[Source "ChessBase"]
[SourceDate "2024.03.31"]
[SourceVersion "1"]
[SourceVersionDate "2024.03.31"]
[SourceQuality "1"]

1. d4 Nf6 2. c4 d6 3. Nf3 Bf5 4. Nc3 Nbd7 5. Nh4 Bg6 6. g3 e5 7. Bg2 c6 8. Nxg6 hxg6 9. e4 Be7 10. Be3 Qa5 11. 0-0 exd4 12. Bxd4 Ne5 13. f4 Nxc4 14. Qe2 Nb6 15. e5 dxe5 16. fxe5 Nfd5 17. Qg4 Rd8 18. Rxf7 Kxf7 19. e6+ Kg8 20. Qxg6 Nf6 21. Qf7+ 1-0

[Event "Bhubaneswar SOA op 1st"]
[Site "Bhubaneswar"]
[Date "2024.02.01"]
[Round "7"]
[White "Roy Chowdhury, Saptarshi"]
[Black "Abhay, Bandewar"]
[Result "1/2-1/2"]
[WhiteElo "2233"]
[BlackElo "2025"]
[PlyCount "66"]
[EventDate "2024.01.28"]
[EventType "swiss"]
[EventRounds "10"]
[EventCountry "IND"]
[SourceTitle "CBM 218 Extra"]
[Source "ChessBase"]
[SourceDate "2024.03.31"]
[SourceVersion "1"]
[SourceVersionDate "2024.03.31"]
[SourceQuality "1"]

1. e4 c5 2. Nf3 Nc6 3. Bb5 g6 4. d3 Bg7 5. 0-0 e5 6. Be3 Nd4 7. Bc4 d6 8. c3 Nxf3+ 9. Qxf3 Be6 10. Bxe6 fxe6 11. Qh3 Qd7 12. Nd2 Nf6 13. d4 exd4 14. cxd4 cxd4 15. Bxd4 e5 16. Qxd7+ Kxd7 17. Bc3 Bh6 18. Rfe1 Bxd2 19. Bxd2 Rac8 20. Bc3 Rc4 21. f3 Rhc8 22. Re2 Ke6 23. Rd1 R8c6 24. a3 b6 25. Kf2 Nd7 26. h4 a5 27. g4 Nc5 28. Rd5 Na4 29. Bxe5 dxe5 30. b3 Rc3 31. bxa4 Rxa3 32. Rb2 Rxa4 33. Rdb5 Rac4 1/2-1/2

[Event "Bangalore op-A 1st"]
[Site "Bangalore"]
[Date "2024.01.26"]
[Round "10"]
[White "Roy Chowdhury, Saptarshi"]
[Black "Lasya, Goli"]
[Result "1-0"]
[WhiteElo "2233"]
[BlackElo "1945"]
[PlyCount "139"]
[EventDate "2024.01.18"]
[EventType "swiss"]
[EventRounds "10"]
[EventCountry "IND"]
[SourceTitle "CBM 218 Extra"]
[Source "ChessBase"]
[SourceDate "2024.03.31"]
[SourceVersion "1"]
[SourceVersionDate "2024.03.31"]
[SourceQuality "1"]

1. e4 c6 2. d3 d5 3. Nd2 e5 4. Ngf3 Bd6 5. g3 Nf6 6. Bg2 0-0 7. 0-0 Re8 8. h3 Nbd7 9. b3 a5 10. a4 Bb4 11. Bb2 b6 12. Qe2 Ba6 13. Rfd1 Ra7 14. Nh4 Nf8 15. Qe3 Bc8 16. Ndf3 Rae7 17. Qe2 Ng6 18. Nxg6 hxg6 19. Kh2 Ba6 20. Ng5 Rd7 21. h4 dxe4 22. Nxe4 Nd5 23. Qf3 f5 24. Ng5 Be7 25. Ne6 Qb8 26. c4 Nf6 27. Qe2 Bb7 28. c5 Ng4+ 29. Kg1 Bxh4 30. Nxg7 Rxg7 31. gxh4 bxc5 32. f3 Nf6 33. Re1 Nd7 34. Qd2 Qd8 35. Qg5 Qb6 36. Kh1 c4 37. dxc4 Qxb3 38. Rab1 Qxc4 39. Ba1 Ba8 40. Bf1 Qd5 41. Bg2 c5 42. Re2 Qf7 43. Rbe1 Qe7 44. f4 Qxg5 45. hxg5 Bxg2+ 46. Kxg2 Rge7 47. fxe5 Nf8 48. Rd2 Ne6 49. Rd6 Nxg5 50. Rxg6+ Rg7 51. Ra6 Ne4+ 52. Kf3 Rg4 53. Rh1 Nd2+ 54. Kf2 Nc4 55. e6 Rf4+ 56. Kg3 Rg4+ 57. Kf3 Nd2+ 58. Ke2 Re4+ 59. Kxd2 R8xe6 60. Ra8+ Re8 61. Rh8+ Kf7 62. Rhxe8 Rxe8 63. Rxa5 Re4 64. Ra6 Ke7 65. a5 f4 66. Bc3 Kd7 67. Rf6 Kc8 68. Rc6+ Kb7 69. Rxc5 Ka6 70. Rf5 1-0

[Event "Bangalore op-A 1st"]
[Site "Bangalore"]
[Date "2024.01.25"]
[Round "9"]
[White "Tahbaz, Arash"]
[Black "Roy Chowdhury, Saptarshi"]
[Result "1-0"]
[WhiteElo "2425"]
[BlackElo "2233"]
[PlyCount "63"]
[EventDate "2024.01.18"]
[EventType "swiss"]
[EventRounds "10"]
[EventCountry "IND"]
[SourceTitle "CBM 218 Extra"]
[Source "ChessBase"]
[SourceDate "2024.03.31"]
[SourceVersion "1"]
[SourceVersionDate "2024.03.31"]
[SourceQuality "1"]

1. Nf3 c5 2. c4 Nc6 3. g3 g6 4. Bg2 Bg7 5. 0-0 d6 6. Nc3 Nf6 7. d4 cxd4 8. Nxd4 Bd7 9. e3 Qc8 10. Re1 h5 11. Nxc6 bxc6 12. c5 dxc5 13. e4 Bg4 14. Qa4 e5 15. Be3 Nd7 16. Qc2 0-0 17. Na4 Rd8 18. Rac1 Rb8 19. b3 Bf8 20. f4 exf4 21. gxf4 c4 22. bxc4 Nf6 23. f5 Qc7 24. h3 Rb4 25. Nc5 Qe5 26. Qc3 Qxc3 27. Rxc3 Bd1 28. e5 Nh7 29. fxg6 fxg6 30. Ne6 Rbb8 31. Nxd8 Rxd8 32. Bxc6 1-0

[Event "Indore op 2nd"]
[Site "Indore"]
[Date "2024.01.14"]
[Round "8"]
[White "Dzhumaev, Marat"]
[Black "Roy Chowdhury, Saptarshi"]
[Result "1/2-1/2"]
[WhiteElo "2362"]
[BlackElo "2233"]
[PlyCount "82"]
[EventDate "2024.01.09"]
[EventType "swiss"]
[EventRounds "10"]
[EventCountry "IND"]
[SourceTitle "CBM 218 Extra"]
[Source "ChessBase"]
[SourceDate "2024.03.31"]
[SourceVersion "1"]
[SourceVersionDate "2024.03.31"]
[SourceQuality "1"]

1. e4 c5 2. Nc3 Nc6 3. g3 g6 4. Bg2 Bg7 5. d3 d6 6. Be3 Rb8 7. Nf3 Bg4 8. h3 Bxf3 9. Bxf3 e6 10. 0-0 Nge7 11. Bg2 0-0 12. f4 Nd4 13. g4 f5 14. exf5 exf5 15. g5 Re8 16. Kh1 d5 17. Bg1 Qd6 18. Qd2 a6 19. Rae1 Ndc6 20. Na4 b6 21. Re2 Nd4 22. Re3 Qd7 23. b3 Ne6 24. Rfe1 Nc7 25. c4 Qd6 26. R3e2 d4 27. Qc1 a5 28. a3 Kf8 29. b4 axb4 30. axb4 Nc6 31. bxc5 bxc5 32. Qa3 Nb4 33. Bf2 Rxe2 34. Rxe2 Re8 35. Rb2 Nca6 36. Bb7 Qxf4 37. Nxc5 Qc1+ 38. Kg2 Qxg5+ 39. Kf1 Qc1+ 40. Kg2 Qg5+ 41. Kf1 Qc1+ 1/2-1/2

[Event "Titled Tuesday intern op 27th Dec Early"]
[Site "Chess.com INT"]
[Date "2022.12.27"]
[Round "2"]
[White "Garcia Ramos, Daniel"]
[Black "Roy Chowdhury, Saptarshi"]
[Result "1-0"]
[WhiteElo "2439"]
[BlackElo "2273"]
[PlyCount "75"]
[EventDate "2022.12.27"]
[EventType "swiss (blitz)"]
[EventRounds "11"]
[EventCountry "USA"]
[SourceTitle "EXT 2024"]
[Source "ChessBase"]
[SourceDate "2023.10.10"]
[SourceVersion "1"]
[SourceVersionDate "2023.10.10"]
[SourceQuality "1"]

1. e4 c5 2. Nf3 Nc6 3. d4 cxd4 4. Nxd4 g6 5. c4 Bg7 6. Be3 Nf6 7. Nc3 0-0 8. Be2 b6 9. 0-0 Bb7 10. f3 Qb8 11. Qd2 Rd8 12. Rad1 d6 13. a3 Rd7 14. b4 Qf8 15. g4 e6 16. Nxc6 Bxc6 17. Bd4 Rad8 18. g5 Nh5 19. Bxg7 Nxg7 20. f4 f5 21. Bf3 Bb7 22. Rde1 a6 23. exf5 gxf5 24. Qd4 Bxf3 25. Rxf3 Rb7 26. Rfe3 Qf7 27. Ne2 b5 28. c5 Rbd7 29. c6 Rc7 30. Rc1 Rdc8 31. Qxd6 Qh5 32. Ng3 Qe8 33. Rec3 Qf7 34. Kg2 Rd8 35. Qxd8+ Ne8 36. Rd3 e5 37. Rd7 Qa2+ 38. Kh3 1-0

[Event "Pune All India op 3rd"]
[Site "Pune"]
[Date "2019.05.01"]
[Round "5"]
[White "Subramanian, RM."]
[Black "Roy Chowdhury, Saptarshi"]
[Result "0-1"]
[WhiteElo "1819"]
[BlackElo "2296"]
[PlyCount "138"]
[EventDate "2019.04.29"]
[EventType "swiss"]
[EventRounds "8"]
[EventCountry "IND"]
[SourceTitle "CBM 190 Extra"]
[Source "ChessBase"]
[SourceDate "2019.07.15"]
[SourceVersion "1"]
[SourceVersionDate "2019.07.15"]
[SourceQuality "1"]

1. d4 d6 2. Bf4 Nf6 3. Nc3 c6 4. e4 Qa5 5. f3 e5 6. Be3 Be7 7. Qd2 0-0 8. Nge2 b5 9. Ng3 Re8 10. a3 Bf8 11. Be2 a6 12. 0-0 Qc7 13. f4 Nbd7 14. fxe5 dxe5 15. d5 cxd5 16. Nxd5 Nxd5 17. Qxd5 Nb6 18. Bxb6 Qxb6+ 19. Kh1 Ra7 20. Rad1 Qc7 21. Qd2 Be6 22. Nf5 Raa8 23. Rf3 Rad8 24. Bd3 g6 25. Qg5 Bxf5 26. Rxf5 Bg7 27. Rf2 Rd7 28. Rdf1 Qc5 29. Qd2 Qc7 30. Qe3 Rb8 31. h3 Qd8 32. Rf3 Rc8 33. Qf2 Rcc7 34. Qb6 Rd6 35. Qf2 Qe7 36. Qe3 Bf6 37. Qf2 Bg5 38. Qe2 h5 39. a4 h4 40. axb5 axb5 41. Ra1 Kg7 42. Rff1 b4 43. b3 Rd4 44. Ra6 Bf4 45. Qg4 Rcd7 46. Ra8 Bg3 47. Ra6 R4d6 48. Ra4 Rc7 49. Bc4 Rf6 50. Rxf6 Qxf6 51. Qf3 Qg5 52. Ra1 Bf4 53. Qd3 Qe7 54. Ra8 Rd7 55. Bd5 Qc5 56. Ra1 Ra7 57. Rf1 Rd7 58. Ra1 Rd6 59. Rf1 Qb6 60. Ra1 Rf6 61. Bc4 Bg3 62. Ra6 Qf2 63. Rxf6 Qxf6 64. Qf3 Bf4 65. Kg1 Qb6+ 66. Kf1 Qd4 67. Bd3 Qa1+ 68. Kf2 Bg3+ 69. Ke3 Qc1+ 0-1

[Event "Pune All India op 3rd"]
[Site "Pune"]
[Date "2019.05.01"]
[Round "6"]
[White "Venkatesh, Marani Rajendran"]
[Black "Roy Chowdhury, Saptarshi"]
[Result "1-0"]
[WhiteElo "2517"]
[BlackElo "2296"]
[PlyCount "115"]
[EventDate "2019.04.29"]
[EventType "swiss"]
[EventRounds "8"]
[EventCountry "IND"]
[SourceTitle "CBM 190 Extra"]
[Source "ChessBase"]
[SourceDate "2019.07.15"]
[SourceVersion "1"]
[SourceVersionDate "2019.07.15"]
[SourceQuality "1"]

1. e4 c5 2. Be2 Nc6 3. f4 d5 4. d3 e6 5. Nf3 dxe4 6. dxe4 Qxd1+ 7. Bxd1 Nf6 8. e5 Nd5 9. c4 Ndb4 10. Ke2 Be7 11. a3 Na6 12. Be3 b6 13. Bc2 Bb7 14. Rd1 f5 15. Nc3 Nc7 16. Ba4 Rd8 17. b4 0-0 18. Nb5 Nxb5 19. cxb5 Nb8 20. bxc5 bxc5 21. Rac1 Rxd1 22. Bxd1 Bd5 23. Bxc5 Rc8 24. Be3 Rxc1 25. Bxc1 Bc4+ 26. Ke1 Bxb5 27. Bb3 Bd7 28. Nd4 Kf7 29. Nxf5 Nc6 30. Nxe7 Nxe7 31. Kd2 Bc6 32. g3 Bd5 33. Bc2 g6 34. Kc3 Nc6 35. Be3 Ke8 36. h4 Kf7 37. h5 Kg7 38. hxg6 hxg6 39. Bd3 Kf7 40. Bd4 Kg7 41. Bc4 Kf7 42. a4 Bf3 43. Bc5 Bd1 44. Bb5 Bf3 45. Bd6 Bd5 46. Be2 Kg7 47. Bc4 Kf7 48. g4 Be4 49. Kd2 Na5 50. Ba2 Nc6 51. Kc3 Bf3 52. f5 Bxg4 53. Bxe6+ Ke8 54. Bd5 Nxe5 55. Bxe5 gxf5 56. Bf4 Kd7 57. a5 Be2 58. Bb7 1-0

[Event "Pune All India op 3rd"]
[Site "Pune"]
[Date "2019.04.30"]
[Round "3"]
[White "Awade, Pradeep"]
[Black "Roy Chowdhury, Saptarshi"]
[Result "0-1"]
[WhiteElo "1550"]
[BlackElo "2296"]
[PlyCount "78"]
[EventDate "2019.04.29"]
[EventType "swiss"]
[EventRounds "8"]
[EventCountry "IND"]
[SourceTitle "CBM 190 Extra"]
[Source "ChessBase"]
[SourceDate "2019.07.15"]
[SourceVersion "1"]
[SourceVersionDate "2019.07.15"]
[SourceQuality "1"]

1. e4 b6 2. g3 Bb7 3. Bg2 d5 4. exd5 Bxd5 5. Bxd5 Qxd5 6. Qf3 Qe6+ 7. Ne2 Nc6 8. d4 Rd8 9. c3 Nf6 10. 0-0 Qe4 11. Nd2 Qxf3 12. Nxf3 g6 13. Re1 Bg7 14. Nf4 e6 15. b3 0-0 16. Ba3 Rfe8 17. Rad1 Nd5 18. Nxd5 Rxd5 19. Bc1 Red8 20. Bg5 Rc8 21. c4 Nxd4 22. Nxd4 Rxd4 23. Rxd4 Bxd4 24. Rd1 e5 25. Bf6 h6 26. h4 c5 27. g4 e4 28. g5 hxg5 29. hxg5 Rc6 30. Bxd4 Rd6 31. b4 cxd4 32. c5 bxc5 33. bxc5 Rd5 34. c6 d3 35. Rc1 d2 36. Rd1 Rxg5+ 37. Kf1 Rc5 38. c7 Rxc7 39. Rxd2 Rc4 0-1

[Event "Pune All India op 3rd"]
[Site "Pune"]
[Date "2019.04.29"]
[Round "1"]
[White "Patil Omkar, U."]
[Black "Roy Chowdhury, Saptarshi"]
[Result "0-1"]
[WhiteElo "1187"]
[BlackElo "2296"]
[PlyCount "62"]
[EventDate "2019.04.29"]
[EventType "swiss"]
[EventRounds "8"]
[EventCountry "IND"]
[SourceTitle "CBM 190 Extra"]
[Source "ChessBase"]
[SourceDate "2019.07.15"]
[SourceVersion "1"]
[SourceVersionDate "2019.07.15"]
[SourceQuality "1"]

1. d4 Nf6 2. Nf3 d6 3. e3 g6 4. Bd3 Bg7 5. 0-0 0-0 6. Nbd2 Nbd7 7. e4 e5 8. dxe5 dxe5 9. Nb3 Qe7 10. Be3 Nh5 11. Bg5 Bf6 12. Be3 Nf4 13. Qd2 g5 14. Rfd1 g4 15. Bxf4 exf4 16. Nfd4 Be5 17. Nf5 Qg5 18. c3 Nf6 19. Qc2 b6 20. Nbd4 Bb7 21. Qb3 Rae8 22. Bb5 Bxd4 23. Bxe8 Bxf2+ 24. Kxf2 Rxe8 25. e5 Ne4+ 26. Kg1 Qxf5 27. e6 Rxe6 28. Rd8+ Kg7 29. Qa3 Nd6 30. Qxa7 Qe4 31. Qb8 Qxg2# 0-1

[Event "New Delhi Parsvnath op-A 16th"]
[Site "New Delhi"]
[Date "2018.01.12"]
[Round "5"]
[White "Vaibhav, Suri"]
[Black "Roy Chowdhury, Saptarshi"]
[Result "1-0"]
[WhiteElo "2542"]
[BlackElo "2318"]
[PlyCount "99"]
[EventDate "2018.01.09"]
[EventType "swiss"]
[EventRounds "10"]
[EventCountry "IND"]
[SourceTitle "CBM 182 Extra"]
[Source "ChessBase"]
[SourceDate "2018.02.23"]
[SourceVersion "1"]
[SourceVersionDate "2018.02.23"]
[SourceQuality "1"]

1. d4 d5 2. c4 e6 3. Nc3 Nf6 4. cxd5 exd5 5. Bg5 c6 6. e3 Be7 7. Bd3 Nbd7 8. Nge2 Nh5 9. Bxe7 Qxe7 10. Qc2 Nhf6 11. 0-0 0-0 12. Rab1 a5 13. a3 Nb6 14. Nf4 Bd7 15. b4 a4 16. b5 Rfb8 17. bxc6 bxc6 18. Rb4 Nc8 19. Rfb1 Rxb4 20. Rxb4 Nd6 21. Rxa4 Rb8 22. Rb4 Ra8 23. Qb3 g5 24. Nfe2 Kg7 25. Rb8 Ra7 26. a4 Bg4 27. h3 Bc8 28. Ng3 Be6 29. Qd1 Qc7 30. Rb1 h6 31. Bc2 Kf8 32. Qd3 Ra8 33. Nce2 Re8 34. Rf1 Bc8 35. Ra1 h5 36. a5 h4 37. Nf1 Nc4 38. a6 Qa7 39. Nd2 Nd6 40. Qa3 Rd8 41. Nf3 g4 42. Ne5 Kg7 43. Nxc6 Qc7 44. Nxd8 gxh3 45. Qc5 Qxd8 46. a7 h2+ 47. Kxh2 Bb7 48. Nf4 Nc4 49. Kg1 Qe8 50. Bd3 1-0

[Event "New Delhi Parsvnath op-A 16th"]
[Site "New Delhi"]
[Date "2018.01.11"]
[Round "4"]
[White "Roy Chowdhury, Saptarshi"]
[Black "Nguyen, Duc Hoa"]
[Result "1-0"]
[WhiteElo "2318"]
[BlackElo "2490"]
[PlyCount "93"]
[EventDate "2018.01.09"]
[EventType "swiss"]
[EventRounds "10"]
[EventCountry "IND"]
[SourceTitle "CBM 182 Extra"]
[Source "ChessBase"]
[SourceDate "2018.02.23"]
[SourceVersion "1"]
[SourceVersionDate "2018.02.23"]
[SourceQuality "1"]

1. d4 Nf6 2. Nf3 g6 3. Nbd2 Bg7 4. e4 d6 5. c3 0-0 6. Bc4 Nxe4 7. Nxe4 d5 8. Bd3 dxe4 9. Bxe4 Nd7 10. 0-0 c5 11. Bc2 Qc7 12. Re1 cxd4 13. Nxd4 Nc5 14. Qe2 Bd7 15. Nb5 Qc6 16. Nd4 Qb6 17. Nb3 Na4 18. Nd2 e5 19. Nc4 Qc7 20. Ne3 Nb6 21. Bb3 Bc6 22. Ng4 h5 23. Nh6+ Kh7 24. Nf5 gxf5 25. Qxh5+ Kg8 26. Bh6 Qd6 27. Bxg7 Kxg7 28. Re3 Bd5 29. Rd1 Rad8 30. Bxd5 Nxd5 31. Rxd5 Qg6 32. Qxg6+ fxg6 33. Rexe5 Rfe8 34. Kf1 Kf6 35. Rxe8 Rxd5 36. Ke2 a5 37. b3 g5 38. h3 Rc5 39. c4 a4 40. Rd8 axb3 41. axb3 Re5+ 42. Kd2 Ra5 43. Rd5 Ra2+ 44. Ke3 Ra1 45. Rb5 Re1+ 46. Kf3 Re7 47. g3 1-0

[Event "IND-ch Challengers 55th"]
[Site "Ahmedabad"]
[Date "2017.08.21"]
[Round "11"]
[White "Kunte, Abhijit"]
[Black "Roy Chowdhury, Saptarshi"]
[Result "1/2-1/2"]
[WhiteElo "2505"]
[BlackElo "2317"]
[PlyCount "69"]
[EventDate "2017.08.13"]
[EventType "swiss"]
[EventRounds "13"]
[EventCountry "IND"]
[SourceTitle "CBM 180 Extra"]
[Source "ChessBase"]
[SourceDate "2017.10.06"]
[SourceVersion "1"]
[SourceVersionDate "2017.10.06"]
[SourceQuality "1"]

1. d4 e6 2. c4 b6 3. Nf3 Bb7 4. g3 Bxf3 5. exf3 Nf6 6. Bg2 d5 7. 0-0 Be7 8. f4 c6 9. Nc3 g6 10. g4 dxc4 11. Qe2 h5 12. g5 Nd5 13. Qxc4 b5 14. Qd3 b4 15. Ne4 Nd7 16. Re1 0-0 17. Bd2 Re8 18. Rac1 Rc8 19. Ng3 Bd6 20. h4 N7b6 21. Be4 Ne7 22. Qf3 Qd7 23. Bd3 Nbd5 24. Ba6 Rb8 25. Bc4 Rbc8 26. Re2 a5 27. Rce1 Bb8 28. Ne4 Kg7 29. Nc5 Qd6 30. Nxe6+ fxe6 31. Rxe6 Qd7 32. Qe4 Kf7 33. Rf6+ Kg7 34. Re6 Kf7 35. Rf6+ 1/2-1/2

[Event "Bhubaneswar op 10th"]
[Site "Bhubaneswar"]
[Date "2017.05.31"]
[Round "8"]
[White "Reefat, Bin Sattar"]
[Black "Roy Chowdhury, Saptarshi"]
[Result "1-0"]
[WhiteElo "2437"]
[BlackElo "2326"]
[PlyCount "115"]
[EventDate "2017.05.26"]
[EventType "swiss"]
[EventRounds "10"]
[EventCountry "IND"]
[SourceTitle "CBM 178 Extra"]
[Source "ChessBase"]
[SourceDate "2017.06.22"]
[SourceVersion "1"]
[SourceVersionDate "2017.06.22"]
[SourceQuality "1"]

1. e4 c5 2. b3 Nc6 3. Bb2 e5 4. Bc4 d6 5. Ne2 Nf6 6. d3 Be7 7. 0-0 0-0 8. Nbc3 Be6 9. f4 Bxc4 10. bxc4 Nd4 11. Rb1 Rb8 12. Ng3 Nd7 13. Nd5 exf4 14. Rxf4 Bg5 15. Rf1 g6 16. Ne2 Nf6 17. Nef4 Nd7 18. g3 Bh6 19. c3 Nc6 20. Bc1 Bg7 21. Be3 b6 22. Rb2 Nde5 23. Rg2 a6 24. g4 b5 25. cxb5 axb5 26. g5 Nd7 27. h4 b4 28. cxb4 Nxb4 29. h5 Nxd5 30. Nxd5 c4 31. dxc4 Rc8 32. Bf4 Rxc4 33. Bxd6 Rxe4 34. Bxf8 Qxf8 35. hxg6 hxg6 36. Nf6+ Nxf6 37. gxf6 Bh6 38. Rxg6+ Kh7 39. Rg4 Qc5+ 40. Kg2 Rxg4+ 41. Qxg4 Qd5+ 42. Kh3 Qxa2 43. Qe4+ Kh8 44. Rg1 Qb3+ 45. Rg3 Qb8 46. Qe7 Qc8+ 47. Rg4 Qa8 48. Kh2 Qb8+ 49. Kh3 Qa8 50. Re4 Qc8+ 51. Kh4 Qg8 52. Rg4 Qb8 53. Kh5 Qc8 54. Qe4 Qc5+ 55. Kh4 Bg5+ 56. Rxg5 Qf2+ 57. Rg3 Qh2+ 58. Rh3 1-0